000 00767nam a2200241Ia 4500
003 OSt
005 20220923212150.0
006 a|||||r|||| 00| 0
007 ta
008 220922b |||||||| |||| 00| 0 hin d
024 _a151,305
037 _cTextual
040 _aARTS
_cARTS
_bhin
041 _2hin
_ahin
082 _aM2, L3
100 _aमिश्र, हेरम्ब
_9156318
245 0 _aपत्रकारिता
_b संकट और संत्रास
246 _aPatrakāritā: sankaṭ aur santrāsa
260 _aइलाहाबाद
_b अनादि प्रकाशन
_c1973
300 _a309 पृ.
_ccm.
942 _hM2, L3
_cTEXL
_2CC
999 _c306978
_d306978